The life of the bee (Record no. 552612)
[ view plain ]
| 000 -LEADER | |
|---|---|
| fixed length control field | 00581cam a2200169Ka 4500 |
| 082 ## - DEWEY DECIMAL CLASSIFICATION NUMBER | |
| Classification number | 595.771 |
| Author Mark | MAE |
| 100 1# - MAIN ENTRY--PERSONAL NAME | |
| Personal name | Maeterlinck, Maurice, |
| 9 (RLIN) | 49867 |
| 245 14 - TITLE STATEMENT | |
| Title | The life of the bee |
| Statement of responsibility, etc. | by Maurice Maeterlinck ; translated by Alfred Sutro. |
| 260 ## - PUBLICATION, DISTRIBUTION, ETC. | |
| Place of publication, distribution, etc. | London : |
| Name of publisher, distributor, etc. | George Allen, Ruskin House, |
| Date of publication, distribution, etc. | 1901. |
| 300 ## - PHYSICAL DESCRIPTION | |
| Extent | 1 online resource (347 p.) |
| 500 ## - GENERAL NOTE | |
| General note | T.p. in red and black. |
| 526 ## - STUDY PROGRAM INFORMATION NOTE | |
| Program name | 0 |
| Interest level | 0 |
| Reading level | 0 |
| Title point value | 595_771000000000000_MAE |
| 650 #0 - SUBJECT ADDED ENTRY--TOPICAL TERM | |
| Topical term or geographic name entry element | Bees. |
| 9 (RLIN) | 49868 |
| 700 1# - ADDED ENTRY--PERSONAL NAME | |
| Personal name | Sutro, Alfred, |
| 9 (RLIN) | 49869 |
| 856 40 - ELECTRONIC LOCATION AND ACCESS | |
| Uniform Resource Identifier | <a href="http://catalog.hathitrust.org/api/volumes/oclc/41157188.html">http://catalog.hathitrust.org/api/volumes/oclc/41157188.html</a> |
| 942 ## - ADDED ENTRY ELEMENTS (KOHA) | |
| Source of classification or shelving scheme | |
| Koha item type | Book |
| Withdrawn status | Lost status | Source of classification or shelving scheme | Damaged status | Not for loan | Permanent Location | Current Location | Shelving location | Date acquired | Total Checkouts | Full call number | Barcode | Date last seen | Price effective from | Koha item type |
|---|---|---|---|---|---|---|---|---|---|---|---|---|---|---|
| Military College of Engineering (MCE) | Military College of Engineering (MCE) | 01/20/2015 | 595.771 MAE | MCE-ECL/32 | 01/20/2015 | 01/20/2015 | Book |
